Chelsea F.C. Ultimate Quiz - Statistics

General Stats
  • This quiz has been taken 115 times
    113 since last reset
  • The average score is 11 of 15
Answer Stats
Question Answer % Correct
How many times have Chelsea won the Premier League? Five
98%
What is Chelsea’s home ground? Stamford Bridge
91%
Cole Palmer and Raheem Sterling joined Chelsea from which Premier League side? Manchester City
90%
What kind of animal is Chelsea’s mascot? Lion
89%
In what year did Chelsea win the Champions League for the first time? 2012
88%
Who is Chelsea’s all-time leading goal scorer? Frank Lampard
86%
What national team does Moises Caicedo play for? Ecuador
84%
Who won the Chelsea Player of the Year award four times, in 2014, 2015, 2017, and 2019? Eden Hazard
84%
What position did Chelsea finish in the 2022-23 Premier League? 12th
82%
In what year was Chelsea Football Club founded? 1905
81%
Who is the current owner of Chelsea? (As of 2024) Todd Boehly
81%
Chelsea’s meetings with Brentford, Fulham, and Queens Park Rangers are known as the West London derby
45%
About how much is Chelsea worth, in pounds? 2 billion
31%
A nickname for the club is this word, a synonym for senior. The Pensioners
29%
What is the women’s team commonly referred to as? Chelsea Ladies
11%
No matching quizzes found
Score Distribution
Percent of People with Each Score
Percentile by Number Answered
Your Score History
You have not taken this quiz since the last reset